00336 a2200109 4500001001000000005001700010008004100027245005900068100002800127773005400155999001700209ART_3051720260410162003.0260409a 10aLa constitución y la defensa del orden democrático1 aSerrafero, Mario Daniel0 tForo políticog- Vol. XXV (abr. 1999)wREV30389 c31489d31489